02823nam a2200337 i 4500003000400000005001700004008004100021020001800062040001300080041000800093082001300101100004400114245012000158250002300278264007500301300007600376336002700452337003300479338002800512490008300540490002200623500152000645521003802165600006102203650003802264650004202302650004002344650003302384700003602417710003202453OSt20231121184013.0221201s2022 ck o er 000 f spa d a9786289529401 cCO-MqBPB0 aspa bVIVtaAT1 aVivas Ferreira, Carolinad1961-eautora10aTeatro y país;bocho obras /cCarolina Vivas Ferreira ; prólogo Sandro Romero Rey ; fotografías Umbral Teatro aEdición especial 1aBogotá, Colombia;bFundación Teatro Musical Latinoamericano,c2022 a367 páginas;bFotografías en blanco y negro, Tapa Rústica,c22 cm atextobtxt2rdacontent asin mediaciónbn2rdamedia avolumenbnc2rdacarrier0 aPlan Nacional de Lectura y Escritura Leer es mi Cuento / Ministerio de Cultura0 aTeatro Colombiano aLa escritura de Carolina no es una partitura rígida sobre la cual se guían sus intérpretes, sino el inicio de un problema. Porque sus textos poseen inesperados laberintos literarios que, en efecto, no pueden resolverse al pie de la letra sobre la escena, sino que deben ser traducidos con los distintos lenguajes de la representación. Este libro es una trampa. Es un problema, en la medida en que el ejercicio de la imaginación debe multiplicarse hacia una realidad escénica que ha tenido cuerpo y, de alguna manera, lo que el lector capture no sea precisamente lo que interpretaron actores, músicos, artistas plásticos o el director escénico al recomponerlos sobre las tablas. Si miramos la estructura del presente Teatro y país, nos encontramos ante delicioso rompecabezas y nos hacemos preguntas para multiplicar el juego y saborear mejor sus rutas inesperadas. Carolina sabe construir sus edificios teatrales como quien arma una película de suspenso. Genera expectativas sobre lo desconocido y el espectador se involucra sin remedio, entra a la gruta de las tinieblas y se deja llevar porque adivina que, al otro lado, se encuentra el puerto secreto del placer. Ya lo verá el lector cuando llegue a sus líneas. Bienvenidos a Teatro y país. En estas ocho obras, acompañadas de las sensibles reflexiones de sus intérpretes, se esconden las claves de una dramaturga que se ha convertido, a no dudarlo, en una der las protagonistas del quehacer teatral colombiano del nuevo milenio. aRecomendado para público adulto1 aVivas Ferreira, Carolinad1961-vColecciones de escritos17aTeatro colombianoySiglo XX2LEMB17aLiteratura colombianaySiglo XX2LEMB17aAutores colombianosySiglo XX2LEMB17aViolencia en el teatro2LEMB1 aRomero Rey, Sandroeprologuista2 aUmbral Teatroefotografía